Transcontinental countries - Statistics

General Stats
  • This quiz has been taken 56 times
    16 since last reset
  • The average score is 17 of 19
Answer Stats
Continents Country % Correct
Asia–Europe Azerbaijan
100%
Africa–Asia Egypt
100%
Asia–Europe Georgia
100%
Asia–Oceania Indonesia
100%
Asia–Europe Russia
100%
Africa–Europe Spain
100%
Asia–Europe Turkey
100%
Oceania–South America Chile
93%
North America–South America Panama
93%
Africa–Europe Portugal
93%
Asia–North America–Oceania United States
93%
Africa–Asia Yemen
93%
North America–South America Colombia
87%
Africa–Europe–North America–South America France
87%
Asia–Europe Kazakhstan
87%
North America–South America Venezuela
87%
Asia–Europe Greece
80%
Africa–Europe Italy
80%
Asia–Oceania Japan
73%
No matching quizzes found
Score Distribution
Percent of People with Each Score
Percentile by Number Answered
Your Score History
You have not taken this quiz since the last reset